00469nam a2200193Ia 4500003000900000008004100009040001300050040001300063041000800076245007100084250001000155260002500165260000900190300001000199300001200209490002400221490000600245710002400251IT-RoPAU120407s9999 xx 000 0 und d aIT-RoPAU cIT-RoPAU aita aComunità. Formazione apostolica per l’America Latina. Vol. 6° aRoma  aCasa Generalizia SSP c1983 a53 p. c21,5 cm aStudi/Ricerche, 6). v1 aSocietà San Paolo